Statistics for Guess The Ariana Grande Song by First Lyrics: positions

Click here to take the quiz!

General Stats

  • This quiz has been taken 411 times
  • The average score is 11 of 14

Answer Stats

HintAnswer% Correct
"It's like you got superpowers..."pov
92%
"Heaven sent you to me..."positions
88%
"Tell me why I get this feeling..."motive
87%
"You might think I'm crazy..."34+35
86%
"You know you really something, yeah..."safety net
81%
"Said I'ma give you some instructions..."my hair
80%
"I love the taste of you in the morning..."obvious
80%
"Oh yeah, wake up in my bed..."just like magic
79%
"Will I ever love the same way again..."off the table
78%
"My presence sweet and my aura bright..."shut up
78%
"You got me all up in my feels..."nasty
76%
"I know I be on some bullshit..."six thirty
75%
"I don't wanna think too much..."west side
73%
"Ooh, I know you're probably thinkin', 'What's the use'..."love language
71%

Score Distribution

Percentile by Number Answered

Percent of People with Each Score

Your Score History

You have not taken this quiz